LEADER 03307nam 22005895 450 001 9910586591303321 005 20251202133158.0 010 $a9783031024504$b(electronic bk.) 010 $z9783031024498 024 7 $a10.1007/978-3-031-02450-4 035 $a(MiAaPQ)EBC7072649 035 $a(Au-PeEL)EBL7072649 035 $a(CKB)24368767600041 035 $a(DE-He213)978-3-031-02450-4 035 $a(EXLCZ)9924368767600041 100 $a20220810d2022 u| 0 101 0 $aeng 135 $aurcnu|||||||| 181 $ctxt$2rdacontent 182 $cc$2rdamedia 183 $acr$2rdacarrier 200 10$aCommunication Theory for Humans $eCommunicators in a Mediated World /$fby Neil O'Boyle 205 $a1st ed. 2022. 210 1$aCham :$cSpringer International Publishing :$cImprint: Palgrave Macmillan,$d2022. 215 $a1 online resource (223 pages) 311 08$aPrint version: O'Boyle, Neil Communication Theory for Humans Cham : Springer International Publishing AG,c2022 9783031024498 320 $aIncludes bibliographical references and index. 327 $a1. Introduction -- 2. Actors -- 3. Narrators -- 4. Members -- 5. Performers -- 6. Influencers -- 7. Produsers -- 8. Concluding Thoughts. 330 $aThis book takes a human-centred and concept-led journey through communication theory and is aimed primarily at those who are new to communication studies. Each chapter uses a single concept ? actors, narrators, members, performers, influencers, and produsers ? to explore key ideas, theories, and thinkers. The six core concepts offer unique, though related, ways of thinking about ?flesh and blood? human communicators in a world that is now fundamentally intertwined with media. Each chapter includes a mix of early and recent studies to enable readers to historically locate concepts and trace their evolution. Overall, the book aims to foster an appreciation of theory in readers, cultivate their theoretical sensitivity, and provide them with lots of ?real world? examples to help them better understand how theories apply to everyday life. Neil O?Boyle is Associate Professor at the School of Communications, Dublin City University, Ireland. He teaches across a range ofsubjects, including communication theory, psychology, and advertising, and his research examines the interrelationships between media, popular culture, and collective identities. His most recent book is Sport, the Media and Ireland: Interdisciplinary Perspectives (2020). . 606 $aCommunication 606 $aInformation theory 606 $aMass media and history 606 $aDigital media 606 $aMedia and Communication Theory 606 $aMedia and Communication History 606 $aDigital and New Media 615 0$aCommunication. 615 0$aInformation theory. 615 0$aMass media and history. 615 0$aDigital media. 615 14$aMedia and Communication Theory. 615 24$aMedia and Communication History. 615 24$aDigital and New Media. 676 $a302.23 676 $a302.231 700 $aO'Boyle$b Neil$01252976 801 0$bMiAaPQ 801 1$bMiAaPQ 801 2$bMiAaPQ 912 $a9910586591303321 996 $aCommunication Theory for Humans$92904914 997 $aUNINA